Democratic Experiments (Record no. 92792)
[ view plain ]
| 000 -LEADER | |
|---|---|
| fixed length control field | 01601nam a2200253Ii 4500 |
| 008 - FIXED-LENGTH DATA ELEMENTS--GENERAL INFORMATION | |
| fixed length control field | 221202s xx 000 0 und d |
| 100 1# - MAIN ENTRY--PERSONAL NAME | |
| Personal name | Laurent, Brice, |
| Relator term | author |
| 245 #0 - TITLE STATEMENT | |
| Title | Democratic Experiments |
| 246 ## - VARYING FORM OF TITLE | |
| Title proper/short title | Problematizing Nanotechnology and Democracy in Europe and the United States |
| 264 #1 - PRODUCTION, PUBLICATION, DISTRIBUTION, MANUFACTURE, AND COPYRIGHT NOTICE | |
| Place of production, publication, distribution, manufacture | Cambridge, Massachusetts |
| Name of producer, publisher, distributor, manufacturer | The MIT Press |
| Date of production, publication, distribution, manufacture, or copyright notice | 2017 |
| 300 ## - PHYSICAL DESCRIPTION | |
| Extent | 1 online resource |
| 336 ## - CONTENT TYPE | |
| Content type term | text |
| Content type code | txt |
| Source | rdacontent |
| 337 ## - MEDIA TYPE | |
| Media type term | computer |
| Media type code | c |
| Source | rdamedia |
| 338 ## - CARRIER TYPE | |
| Carrier type term | online resource |
| Carrier type code | cr |
| Source | rdacarrier |
| 490 ## - SERIES STATEMENT | |
| Series statement | Inside Technology |
| 520 ## - SUMMARY, ETC. | |
| Summary, etc. | This book looks at the democratic constructions surrounding public debates about issues related to scientific and technological development, specifically in this case nanotechnology. Brice Laurent argues that nanotechnology is a lens through which one can build a theoretical and practical approach to the study of contemporary democracies, exploring the joint production of nanotechnology itself and democratic order and identifying questions related to the exercise of citizenship, forms of national sovereignty, and channels of political legitimacy. This book helps increase visibility of and accessibility to STS methodologies for scholars and practitioners outside the field of science, technology, and society. |
| 653 ## - INDEX TERM--UNCONTROLLED | |
| Uncontrolled term | Democracy |
| 653 ## - INDEX TERM--UNCONTROLLED | |
| Uncontrolled term | Ethics |
| 653 ## - INDEX TERM--UNCONTROLLED | |
| Uncontrolled term | Grenoble |
| 653 ## - INDEX TERM--UNCONTROLLED | |
| Uncontrolled term | Nanomaterials |
| 653 ## - INDEX TERM--UNCONTROLLED | |
| Uncontrolled term | Political Science |
| 856 ## - ELECTRONIC LOCATION AND ACCESS | |
| Uniform Resource Identifier | <a href="https://docs.google.com/spreadsheets/d/1yKIrdCPDAG_9c22mwoOIO2DOhtj65Wqa/edit?usp=sharing&ouid=106555315294820607512&rtpof=true&sd=true ">https://docs.google.com/spreadsheets/d/1yKIrdCPDAG_9c22mwoOIO2DOhtj65Wqa/edit?usp=sharing&ouid=106555315294820607512&rtpof=true&sd=true </a> |
| Link text | List of Curated E-Books |
| 942 ## - ADDED ENTRY ELEMENTS (KOHA) | |
| Koha item type | E-Book |
No items available.